|
|
|
|
| LEADER |
00830cam a2200217 7i4500 |
| 001 |
0000036973 |
| 005 |
20221102090000.0 |
| 008 |
221011t2022 eng |
| 020 |
# |
# |
|a 9781119854289
|
| 040 |
# |
# |
|a MATR
|
| 090 |
0 |
0 |
|a B 658.8
|b SCO
|
| 100 |
1 |
# |
|a Scott, David Meerman
|e author
|
| 245 |
1 |
4 |
|a The NEW RULES of MARKETING & PR :
|b HOW TO USE CONTENT MARKETING, PODCASTING, SOCIAL MEDIA, AI, LIVE VIDEO, AND NEWSJACKING TO REACH BUYERS DIRECTLY
|c David Meerman Scott.
|
| 260 |
# |
# |
|a Hoboken, New Jersey:
|b John Wiley & Sons,
|c 2022.
|
| 300 |
# |
# |
|a xviii,458 pages:
|b illustrations;
|c 23 cm.
|
| 336 |
# |
# |
|a text
|2 rdacontent
|
| 337 |
# |
# |
|a unmediated
|2 rdamedia
|
| 338 |
# |
# |
|a volume
|2 rdacarrier
|
| 650 |
# |
0 |
|a Internet marketing
|
| 650 |
# |
0 |
|a Internet in public relations
|
| 999 |
|
|
|a B000041945
|b Book
|c Book
|e Business Information Centre
|